| 000 | 00945nam a2200241 a 4500 | ||
|---|---|---|---|
| 005 | 20250508063846.0 | ||
| 008 | 991125s1996 mx 000 0 spa u | ||
| 020 | _a9687742267 | ||
| 035 | _aUPN01000044847 | ||
| 049 | _aCG | ||
| 050 | 4 |
_aLC5309 U59 _bC7001-3 1994 AC |
|
| 100 | 1 |
_aNanguse Ramírez, Jorge _929734 |
|
| 245 | 1 | 0 |
_aPlaneación, comunicación y evaluación en el proceso enseñanza - aprendizaje : _bantología complementaria / _cJorge Nanguse Ramírez, Carlos Julio Guillén Solís ; coord. Xóchitl Leticia Moreno Fernández. |
| 260 |
_aMéxico : _bUPN, _c1996. |
||
| 300 | _a89 p. | ||
| 500 | _aLicenciatura en educación plan 1994 | ||
| 650 | 4 |
_aComunicación en la educación _91520 |
|
| 650 | 4 |
_aDiagnóstico educativo _911935 |
|
| 650 | 4 |
_aEducación _xPlanificación _91146 |
|
| 700 | 1 |
_aGuillén Solís, Carlos Julio, _ecoaut. _942713 |
|
| 700 | 1 |
_aMoreno Fernández, Xóchitl Leticia, _ecoord. _929396 |
|
| 905 | _aLibro | ||
| 999 |
_c44847 _d44847 |
||